000 00306nam a22001097a 4500
020 _a0745310680
082 _a340.1
_bLAW
245 _aLaw and The Senses:
_bsensational jurisprudence /
_cEdited by Lionel Bently and Leo Flynn
260 _aLondon :
_bPluto Press,
_c1996.
563 _aHB.
942 _2ddc
_cBK
999 _c613660
_d613660